[Event "Stay Safe Play From Home 197"]
[Site "T#646544Emanuel Laske"]
[Date "2020.06.03"]
[Round "8"]
[White "Edmatuag"]
[Black "Lamborghini"]
[Result "0-1"]
[WhiteElo "1635"]
[BlackElo "2183"]
[Annotator "TA"]
[PlyCount "84"]
[EventDate "2020.06.03"]
[EventType "swiss (blitz)"]

{[%evp 9,84,-12,8,11,65,59,55,9,15,9,14,8,0,-65,-72,-124,-125,-128,-98,-128,-59,-186,-149,-148,-104,-112,-106,-219,-120,-395,-377,-393,-250,-215,-225,-263,-248,-243,-243,-295,-271,-283,-257,-380,-64,-149,-116,-117,-48,-116,-30,-22,0,-150,-158,-377,-373,-387,0,-1027,-877,-29986,-29987,-29995,-29996,-29996,-29997,-29997,-29997,-29997,-29989,-29989,-229,-175,-210,-189,0]} 1. e4 c5 2. d3 d6 3. Be3 Nc6 4. Nc3 e5 5. Nge2 f5 6. f4 {[#] B20: Sicilian: Unusual White 2nd moves.} fxe4 $146 (6... Nf6 $11) ({Predecessor:} 6... Nf6 7. Qd2 Qa5 8. h3 Nd4 9. exf5 Bxf5 10. fxe5 dxe5 11. Ng3 Bg6 12. Be2 Bd6 {1-0 (28) Valdes Escobar,A (2347)-Gomez Gonzalez,O Punta Arenas 2010}) 7. dxe4 $14 Nf6 8. g3 {White is slightly better.} Be7 9. Bg2 O-O 10. O-O Nd4 11. fxe5 (11. a4 $11) 11... dxe5 $15 12. Bxd4 (12. Qd3 $142) 12... cxd4 $17 ({Resist} 12... exd4 13. Nd5 $15) 13. Nd5 Nxd5 14. exd5 Bg5 (14... Rxf1+ $17 15. Qxf1 Qb6) 15. c4 (15. Kh1 $15) 15... Be3+ 16. Kh1 Bf5 17. Ng1 Qb6 18. b3 (18. Nf3 $17) 18... e4 {[#]} (18... Rae8 $19 19. Rf3 Bg6) 19. Nh3 $2 {[%mdl 8192]} (19. Rxf5 $1 $17 {[%mdl 512]} Rxf5 20. Bxe4) 19... Rae8 $19 20. Nf4 Qd6 21. Ne6 Bxe6 22. dxe6 Rxf1+ 23. Qxf1 {Threatening mate with Qf7+!} Qxe6 24. Qe2 b6 25. Rf1 g6 26. h4 (26. Re1 {keeps fighting.}) 26... Rf8 $2 (26... Bh6 $19 {aiming for ...d3.} 27. h5 d3) 27. Kh2 ({White should play} 27. Rxf8+ $15 Kxf8 28. Kh2) 27... Rxf1 28. Bxf1 Qe5 (28... a5 $17 29. Bg2 a4) 29. Bh3 (29. Bg2 $15) 29... Qc5 (29... Bh6 $17 {...d3 is the strong threat.} 30. Qg4 Bd2) 30. Qg4 $11 Qe5 {Strongly threatening ...d3.} 31. Qc8+ ({White should try} 31. Qe2 $11) 31... Kg7 $17 {Hoping for ...d3.} 32. Qd7+ $2 (32. Bg2 $17) 32... Kh6 $19 33. Qd8 Qg7 $2 (33... d3 $19 34. Qf8+ Qg7 35. Qxg7+ Kxg7) 34. g4 $2 {[%mdl 8192]} (34. Bg2 $11) 34... Bf4+ 35. Kg2 d3 36. Qd7 Qb2+ {[%mdl 64] Double Attack} 37. Kf1 Qe2+ 38. Kg1 Be3+ 39. Kh1 Qf3+ 40. Bg2 {[#]} Qd1+ $2 (40... Qf2 $1 {mates} 41. g5+ Kh5 $1 {[%mdl 512]} 42. Qxh7+ Kg4 $1 {[%mdl 512]} 43. Qd7+ Kxh4 44. Qh7+ Kxg5 45. Qe7+ Kh6 46. Qf8+ Qxf8 47. Bf3 Qxf3+ 48. Kh2 Bf4+ 49. Kg1 d2 50. b4 d1=Q#) 41. Kh2 Bf4+ $1 42. Kh3 {[#] Qe7 would kill now.} Qe1 $2 {[%mdl 32768] Accuracy: White = 40%, Black = 48%. . Loss on time!?} (42... Qd2 $1 $19 {[%cal Rd2e3]} 43. g5+ {[#]} Bxg5 $1 {[%mdl 512]}) 0-1

[Event "Stay Safe Play From Home 197"]
[Site "T#646544Emanuel Laske"]
[Date "2020.06.03"]
[Round "8"]
[White "Trotsky"]
[Black "Mepe_Nika"]
[Result "0-1"]
[WhiteElo "1583"]
[BlackElo "2309"]
[Annotator "TA"]
[PlyCount "60"]
[EventDate "2020.06.03"]
[EventType "swiss (blitz)"]

{[%evp 10,60,0,-5,19,14,83,-5,72,-43,153,-31,0,-43,-16,-20,-20,-12,0,-102,-95,-150,-75,-77,-82,-145,-149,-404,-388,-385,-373,-797,-819,-827,-811,-795,-764,-808,-795,-902,-749,-1000,-962,-3206,-2955,-29986,-923,-29988,-29989,-29997,-29998,-29998,-29998]} 1. d4 c5 2. e3 cxd4 3. exd4 d5 4. c4 Nc6 5. Be3 Nf6 6. Nc3 Bg4 {B13: Caro-Kann: Exchange Variation and Panov-Botvinnik Attack.} 7. f3 {[#]} Bh5 $146 (7... Bc8 $11) ({Predecessor:} 7... Bc8 8. c5 g6 9. Bb5 Bg7 10. Nge2 O-O 11. O-O Ne8 12. Qa4 Qd7 13. b4 Nc7 14. Bd3 {½-½ (22) Schmittdiel,E (2473)-Fridman,D (2654) Oberhausen 2010}) 8. a3 (8. Qb3 $16 {[%cal Rc4d5]} dxc4 9. Qxb7 (9. Bxc4 Qd7 $14)) 8... e5 (8... e6 $11 {remains equal.}) 9. c5 {[#]} (9. dxe5 $1 $16 d4 10. exf6 dxc3 11. Qxd8+ Rxd8 12. bxc3) 9... e4 $2 (9... Bxc5 $1 $15 {[%mdl 512] stays ahead.} 10. dxc5 d4 {[%mdl 64] Double Attack}) 10. Qc2 $2 ({Better is} 10. g4 $16) 10... Bg6 11. O-O-O exf3 12. Bd3 fxg2 13. Qxg2 Be7 14. Qc2 (14. Nge2 $11) 14... O-O $17 15. h4 (15. Nf3 $142) 15... Bxd3 (15... Ng4 $142 16. Bf2 Qd7) 16. Qxd3 b6 17. Nh3 (17. Nf3 $142) 17... bxc5 18. Ng5 $2 {[%mdl 8192] Loses the game.} (18. dxc5 $17 d4 19. Bxd4) 18... cxd4 $19 19. Bxd4 Nxd4 20. Rdf1 $2 (20. Qxd4 Qc7 21. Kb1) 20... Nb3+ 21. Kb1 Nc5 22. Qc2 {[#]} Nce4 $1 23. Ncxe4 Nxe4 24. Rf4 Bf6 25. Rxe4 dxe4 26. Qxe4 g6 27. h5 {[#]} Qd4 (27... Rb8 $142 $1 28. Kc1 Rxb2 29. Qc2 Rxc2+ 30. Kxc2 Qd4 31. Rh4 Rc8+ 32. Kb3 Rc3+ 33. Kb2 Qd2+ {[%mdl 64] Double Attack} 34. Kb1 Rc1#) 28. Qc2 {[#]} Rab8 $1 {Black mates.} 29. hxg6 Rxb2+ {[%mdl 64] Double Attack} 30. Kc1 Rxc2+ {Accuracy: White = 13%, Black = 52%.} 0-1

[Event "Stay Safe Play From Home 197"]
[Site "T#646544Emanuel Laske"]
[Date "2020.06.03"]
[Round "8"]
[White "Germanicus G"]
[Black "Fischer_11"]
[Result "0-1"]
[WhiteElo "1249"]
[BlackElo "2039"]
[Annotator "NA RC"]
[PlyCount "42"]
[EventDate "2020.06.03"]
[EventType "swiss (blitz)"]

1. g3 {[%emt 0:00:01]} Nf6 {[%emt 0:00:01]} 2. Bg2 {[%emt 0:00:00]} g6 {[%emt 0:00:00]} 3. e3 {[%emt 0:00:01]} Bg7 {[%emt 0:00:00]} 4. d4 {[%emt 0:00:01]} O-O {[%emt 0:00:00]} 5. c4 {[%emt 0:00:01]} c6 {[%emt 0:00:00]} 6. Nc3 {[%emt 0:00:01]} d6 {[%emt 0:00:00]} 7. Nge2 {[%emt 0:00:01]} d5 {[%emt 0:00:00]} 8. Kf1 {[%emt 0:00:02]} dxc4 {[%emt 0:00:00]} 9. h4 {[%emt 0:00:06]} b5 {[%emt 0:00:01]} 10. Nf4 {[%emt 0:00:02]} Nbd7 {[%emt 0:00:04]} 11. a4 {[%emt 0:00:03]} Rb8 {[%emt 0:00:01]} 12. axb5 {[%emt 0:00:05]} cxb5 {[%emt 0:00:00]} 13. Rxa7 {[%emt 0:00:03]} b4 {[%emt 0:00:01]} 14. Ne4 {[%emt 0:00:04]} Nxe4 {[%emt 0:00:02]} 15. Bxe4 {[%emt 0:00:01]} e5 {[%emt 0:00:00]} 16. dxe5 {[%emt 0:00:06]} Nxe5 {[%emt 0:00:00]} 17. Kg2 {[%emt 0:00:03]} Bg4 {[%emt 0:00:06]} 18. Qxd8 {[%emt 0:00:04]} Rfxd8 {[%emt 0:00:00]} 19. Re1 {[%emt 0:00:08]} Rd1 {[%emt 0:00:01]} 20. Rxd1 {[%emt 0:00:02]} Bxd1 {[%emt 0:00:00]} 21. Bd5 {[%emt 0:00:03]} Bf3+ {[%emt 0:00:00] Zeit (Lag: Av=0.23s, max=0.3s)} 0-1

[Event "Stay Safe Play From Home 197"]
[Site "T#646544Emanuel Laske"]
[Date "2020.06.03"]
[Round "9"]
[White "Little champs"]
[Black "Haxhi Baha"]
[Result "1-0"]
[WhiteElo "2287"]
[BlackElo "1992"]
[Annotator "TA"]
[PlyCount "101"]
[EventDate "2020.06.03"]
[EventType "swiss (blitz)"]

{[%evp 11,101,-7,-4,-6,28,27,87,100,82,95,107,108,262,12,14,0,43,0,2,0,12,0,0,0,0,-87,-86,-89,-81,-129,-145,-127,-108,-109,-116,-628,-627,-840,-418,-412,-406,-449,-366,-481,-468,-483,-483,-475,-461,-466,-370,-370,-352,-359,-294,-370,-275,-272,-254,-445,-378,-442,-433,-466,-2,-5,217,217,217,217,244,244,244,244,470,416,640,76,224,224,224,112,29980,0,204,112,112,0,112,112,112,43]} 1. d4 d5 2. e3 e6 3. Nf3 Nf6 4. c4 b6 5. Nc3 Bb7 6. cxd5 exd5 7. Bd3 {E14: Queen's Indian: Classical Variation (4 e3).} c6 8. O-O Bd6 (8... Be7 $11) 9. e4 $16 dxe4 10. Nxe4 Nxe4 11. Bxe4 O-O $2 {[#]} (11... h6 $16) 12. Qc2 $146 (12. Bxh7+ $1 $18 Kxh7 13. Ng5+ Kg6 14. h4) ({Predecessor:} 12. Bxh7+ Kxh7 13. Ng5+ Kg6 14. h4 Rh8 15. Qd3+ f5 16. g4 Bh2+ 17. Kxh2 Rxh4+ 18. Nh3 {0-1 (33) Baron,D (2139)-Plantet,M (2077) Elancourt 2004}) 12... h6 $11 13. Bd2 Qc7 14. h3 Nd7 15. Rac1 {[%cal Re4c6]} Rac8 16. b4 Nf6 17. Bf5 Rcd8 18. b5 (18. Rfe1 $11) 18... c5 $17 19. dxc5 Bxc5 20. Bb4 {[%cal Rb4c5]} Bxf3 21. Bxc5 bxc5 ({Don't play} 21... Qxc5 22. Qxc5 bxc5 23. gxf3 $15) 22. gxf3 Qf4 {...Rd5 is the strong threat.} 23. Qxc5 $2 {[%mdl 8192]} (23. Be4 $17) 23... Rd5 $19 {[%mdl 64] Double Attack} 24. Rc4 {Strongly threatening Qxf8+!} Rxf5 (24... Qxf5 $142 25. Qe3 Qxh3) 25. Rxf4 Rxc5 26. a4 Rfc8 27. Kg2 Rc4 28. Rxc4 Rxc4 {[%mdl 4096] Endgame KRN-KR} 29. Ra1 Nd5 30. a5 Rb4 31. b6 a6 32. Rd1 Nf4+ 33. Kh2 {White hopes to continue with Rd8+.} Rb5 34. Rd8+ Kh7 35. Rb8 $2 (35. Ra8) 35... Nd5 36. b7 {intending Rd8.} Ne7 37. Kg3 Nc6 $2 (37... Nf5+ $19 38. Kf4 Nd6) 38. Rc8 $11 Nxa5 $2 (38... Rg5+ $11 39. Kf4 Rxa5) 39. b8=Q $18 Rxb8 40. Rxb8 {KR-KN} Nc4 41. Rb4 Ne5 42. Ra4 f5 $2 (42... Nd3 43. Rxa6 g6) 43. Rxa6 g5 (43... Nd3 $142 44. h4 h5) 44. Kh2 $2 (44. f4 $18 {and the rest is easy.} Nd3 45. fxg5 hxg5 46. Rf6) 44... f4 (44... Nxf3+ $16 {is a better defense.} 45. Kg3 Nd2) 45. Ra7+ Kg6 46. Ra5 (46. Kg2 $18) 46... Kh5 $2 {[%mdl 8192]} (46... Nxf3+ $16 47. Kg2 Nh4+ 48. Kf1 Nf3 49. Ra6+ Kg7) 47. Ra7 $2 (47. Rxe5 {mates} Kg6 48. Re6+ Kf5 49. Rxh6 Ke5 50. h4 gxh4 51. Kh3 Kd4 52. Kxh4) 47... Nd3 $2 (47... Kg6 $1 $11 {and Black has nothing to worry.}) 48. Kg2 (48. Kg1 $18) 48... Ne1+ $16 {[#]} 49. Kh2 ({White should play} 49. Kf1 $1 $16 {[%cal Rf1e1]} Nxf3 50. Ra6) 49... Nxf3+ (49... Nd3 $1 $11) 50. Kg2 Nh4+ 51. Kh1 {Both players deserved the win here. Accuracy: White = 44%, Black = 37%.} (51. Kf1 $16) 1-0

[Event "Stay Safe Play From Home 197"]
[Site "T#646544Emanuel Laske"]
[Date "2020.06.03"]
[Round "9"]
[White "Toosieslide"]
[Black "Fischer_11"]
[Result "1-0"]
[WhiteElo "2210"]
[BlackElo "2040"]
[Annotator "NA RC"]
[PlyCount "121"]
[EventDate "2020.06.03"]
[EventType "swiss (blitz)"]

1. d4 {[%emt 0:00:01]} e5 {[%emt 0:00:02]} 2. dxe5 {[%emt 0:00:01]} Nc6 {[%emt 0:00:00]} 3. Nf3 {[%emt 0:00:02]} Qe7 {[%emt 0:00:00]} 4. Nbd2 {[%emt 0:00:01]} Nxe5 {[%emt 0:00:01]} 5. Nxe5 {[%emt 0:00:00]} Qxe5 {[%emt 0:00:00]} 6. Nf3 {[%emt 0:00:01]} Qh5 {[%emt 0:00:00]} 7. e3 {[%emt 0:00:02]} Nf6 {[%emt 0:00:00]} 8. Ke2 {[%emt 0:00:01]} d5 {[%emt 0:00:00]} 9. Ke1 {[%emt 0:00:00]} Bg4 {[%emt 0:00:01]} 10. Be2 {[%emt 0:00:00]} c6 {[%emt 0:00:02]} 11. h3 {[%emt 0:00:01]} Bd6 {[%emt 0:00:02]} 12. Rg1 {[%emt 0:00:03]} Bd7 {[%emt 0:00:02]} 13. Bd2 {[%emt 0:00:01]} Qg6 {[%emt 0:00:04]} 14. Nh4 {[%emt 0:00:04]} Qe4 {[%emt 0:00:03]} 15. Nf3 {[%emt 0:00:00]} O-O-O {[%emt 0:00:02]} 16. Bd3 {[%emt 0:00:02]} Qa4 {[%emt 0:00:03]} 17. b3 {[%emt 0:00:01]} Qa3 {[%emt 0:00:03]} 18. Bc1 {[%emt 0:00:01]} Qb4+ {[%emt 0:00:02]} 19. Bd2 {[%emt 0:00:01]} Qa3 {[%emt 0:00:01]} 20. Qc1 {[%emt 0:00:01]} Qxc1+ {[%emt 0:00:01]} 21. Rxc1 {[%emt 0:00:01]} Rhe8 {[%emt 0:00:00]} 22. Ke2 {[%emt 0:00:01]} Ne4 {[%emt 0:00:01]} 23. Rge1 {[%emt 0:00:01]} Nxd2 {[%emt 0:00:03]} 24. Kxd2 {[%emt 0:00:00]} c5 {[%emt 0:00:03]} 25. c3 {[%emt 0:00:01]} Be6 {[%emt 0:00:02]} 26. Ke2 {[%emt 0:00:02]} b6 {[%emt 0:00:00]} 27. Kf1 {[%emt 0:00:01]} Kc7 {[%emt 0:00:00]} 28. Red1 {[%emt 0:00:00]} Kb7 {[%emt 0:00:01]} 29. a4 {[%emt 0:00:02]} a6 {[%emt 0:00:01]} 30. c4 {[%emt 0:00:02]} dxc4 {[%emt 0:00:02]} 31. Bxc4 {[%emt 0:00:01]} Bxc4+ {[%emt 0:00:01]} 32. Rxc4 {[%emt 0:00:00]} Bc7 {[%emt 0:00:01]} 33. Rcc1 {[%emt 0:00:02]} Rxd1+ {[%emt 0:00:01]} 34. Rxd1 {[%emt 0:00:00]} Rd8 {[%emt 0:00:00]} 35. Rxd8 {[%emt 0:00:01]} Bxd8 {[%emt 0:00:00]} 36. Ke2 {[%emt 0:00:01]} f6 {[%emt 0:00:01]} 37. Kd3 {[%emt 0:00:01]} b5 {[%emt 0:00:00]} 38. axb5 {[%emt 0:00:01]} axb5 {[%emt 0:00:00]} 39. Nd2 {[%emt 0:00:00]} Kb6 {[%emt 0:00:01]} 40. Ne4 {[%emt 0:00:00]} Be7 {[%emt 0:00:02]} 41. Nc3 {[%emt 0:00:01]} Ka5 {[%emt 0:00:01]} 42. Nd5 {[%emt 0:00:01]} Bf8 {[%emt 0:00:01]} 43. Kc3 {[%emt 0:00:01]} g6 {[%emt 0:00:03]} 44. f4 {[%emt 0:00:03]} h5 {[%emt 0:00:01]} 45. e4 {[%emt 0:00:00]} f5 {[%emt 0:00:00]} 46. e5 {[%emt 0:00:01]} Bg7 {[%emt 0:00:02]} 47. Nf6 {[%emt 0:00:01]} c4 {[%emt 0:00:00]} 48. bxc4 {[%emt 0:00:01]} bxc4 {[%emt 0:00:00]} 49. Kxc4 {[%emt 0:00:01]} Kb6 {[%emt 0:00:00]} 50. Kd5 {[%emt 0:00:00]} Bxf6 {[%emt 0:00:00]} 51. exf6 {[%emt 0:00:01]} g5 {[%emt 0:00:01]} 52. f7 {[%emt 0:00:00]} gxf4 {[%emt 0:00:00]} 53. f8=Q {[%emt 0:00:01]} f3 {[%emt 0:00:00]} 54. Qxf5 {[%emt 0:00:01]} f2 {[%emt 0:00:00]} 55. Qxf2+ {[%emt 0:00:01]} Ka6 {[%emt 0:00:00]} 56. Qf5 {[%emt 0:00:00]} Kb7 {[%emt 0:00:00]} 57. Qxh5 {[%emt 0:00:00]} Kc7 {[%emt 0:00:00]} 58. Qg6 {[%emt 0:00:00]} Kd7 {[%emt 0:00:00]} 59. Qg7+ {[%emt 0:00:01]} Ke8 {[%emt 0:00:00]} 60. Ke6 {[%emt 0:00:01]} Kd8 {[%emt 0:00:00]} 61. Qd7# {[%emt 0:00:00] (Lag: Av=0.39s, max=0.7s)} 1-0

[Event "Stay Safe Play From Home 197"]
[Site "T#646544Emanuel Laske"]
[Date "2020.06.03"]
[Round "9"]
[White "Lamborghini"]
[Black "Broken sword"]
[Result "0-1"]
[WhiteElo "2185"]
[BlackElo "2443"]
[Annotator "TA"]
[PlyCount "84"]
[EventDate "2020.06.03"]
[EventType "swiss (blitz)"]

{[%evp 22,84,57,47,50,42,40,0,148,152,153,66,81,6,123,126,127,129,206,82,159,107,109,68,175,159,160,50,262,123,126,81,88,0,0,-43,-43,-43,-43,-53,70,22,22,0,0,0,55,58,50,0,0,0,0,0,170,85,543,543,531,542,541,529,2233,-29993,-29994]} 1. e4 c5 2. Nf3 d6 3. d4 cxd4 4. Nxd4 Nf6 5. Nc3 a6 6. Bg5 e6 7. f4 Nbd7 8. Qf3 Qc7 9. O-O-O b5 10. Bd3 Bb7 11. Rhe1 O-O-O 12. f5 e5 {B96: Sicilian Najdorf: 6 Bg5 e6 7 f4, lines other than 7...Qb6 and 7...Be7.} 13. Nb3 Kb8 {[#]} 14. a4 $146 ({Predecessor:} 14. Nd5 Bxd5 15. exd5 Be7 16. Bd2 Nb6 17. Kb1 Rc8 18. Na5 Nbxd5 19. c4 b4 20. Nb3 Nb6 21. Rc1 e4 22. Bxe4 Nxc4 23. Rxc4 Qxc4 24. Bd3 {1-0 (24) Schumacher,F (2053)-Salminen,K (2022) ICCF email 2008}) 14... b4 (14... bxa4 $11 {remains equal.} 15. Nxa4 d5) 15. Nd5 $16 Nxd5 16. exd5 (16. Bxd8 $16 Qxd8 17. exd5) 16... Rc8 17. Kb1 ({Better is} 17. f6 $16) 17... Nc5 (17... Nb6 $11 {keeps the balance.}) 18. Nxc5 Qxc5 19. Be4 $1 a5 (19... h5 $16) 20. h4 (20. f6 $18) 20... Ba6 (20... f6 $142) 21. Be3 (21. f6 $142) 21... Qc7 22. Qf2 Kb7 (22... Be7 $14) 23. Rc1 Be7 {[#]} 24. g4 (24. c4 $1 $16 {[%mdl 512]}) 24... Rb8 $2 {[#]} (24... Qc4 $14) 25. b3 (25. c4 $1 $18 {[%mdl 512] is more deadly.}) 25... Ka8 26. Kb2 Rhc8 27. Qd2 ({White should try} 27. g5 $16) 27... Qc3+ 28. Qxc3 bxc3+ 29. Ka2 $1 Bd8 30. g5 Bb6 (30... Rb4 $15 31. Bf2 f6 32. gxf6 Bxf6) 31. Bxb6 Rxb6 32. Re3 Rb4 33. Rce1 Kb7 (33... Ka7 $11) 34. h5 $14 Kb6 35. f6 g6 36. hxg6 hxg6 37. Rh1 Rc7 $2 (37... Bb7 $11 {and Black is okay.}) 38. Rh7 (38. Rh8 $1 $18) 38... Rd4 $2 {[%mdl 8192] [#]} (38... Bb7 $16 {is a better chance.}) 39. Bxg6 $1 $18 {[%mdl 512]} fxg6 40. Rxc7 Kxc7 {[#]} 41. Rf3 $1 {Strongly threatening f7.} Rf4 42. f7 $4 {[%mdl 8192]} (42. Rxf4 $18 exf4 43. f7) 42... Rxf3 {Accuracy: White = 39%, Black = 40%.} 0-1

[Event "Stay Safe Play From Home 197"]
[Site "T#646544Emanuel Laske"]
[Date "2020.06.03"]
[Round "9"]
[White "Lazieri3"]
[Black "Trotsky"]
[Result "1-0"]
[WhiteElo "2063"]
[BlackElo "1583"]
[Annotator "TA"]
[PlyCount "65"]
[EventDate "2020.06.03"]
[EventType "swiss (blitz)"]

{[%evp 9,65,-7,-10,-5,-10,-34,-18,-17,-5,-7,0,-14,-6,-6,-2,0,14,11,29,14,27,16,8,8,25,0,0,0,73,63,66,81,168,110,106,102,107,69,103,103,105,105,95,78,117,120,126,94,161,56,62,56,1135,1119,5385,5010,5800,5800]} 1. e4 c5 2. Nc3 Nc6 3. d3 e6 4. Nf3 d6 5. Bg5 Be7 {[#]} 6. Bxe7 $146 {B40: Sicilian: 2...e6, Unusual lines.} ({Predecessor:} 6. Bf4 Nf6 7. Be2 O-O 8. O-O a6 9. Qd2 b5 10. h3 Bb7 11. Bh2 Qc7 12. Rfe1 {0-1 (40) Vilela,B-Faria,M (1110) Luso 2017}) 6... Ngxe7 7. g3 a6 8. Bg2 {The position is equal.} Qc7 9. O-O b6 10. Ne2 Bb7 11. c3 Rd8 12. d4 O-O 13. Re1 Kh8 14. d5 Ne5 {[%cal Re6d5]} 15. Nxe5 dxe5 16. c4 f5 (16... Nc6 $5) 17. Qc2 fxe4 18. dxe6 Ng6 (18... Qc6 $11 {keeps the balance.}) 19. Bxe4 $16 Bxe4 20. Qxe4 Rf6 {[#]} (20... Rd6 $16 {was called for.}) 21. Nc3 (21. Rad1 $1 $18) 21... Rxe6 22. Nd5 Qf7 23. h4 Rf8 24. Re2 Ne7 {[#]} 25. Nxe7 $1 Rxe7 26. Rae1 Qh5 27. b3 Ref7 28. Qg2 Qg6 (28... Qf5 $16 {might work better.}) 29. Rf1 (29. Rxe5 $18 Rf6 30. R1e2) 29... Rf3 $14 30. Rxe5 Rxg3 $2 {[%mdl 8192]} (30... h6 $14) 31. fxg3 $18 {[%cal Rf1f8] White is clearly winning.} Rxf1+ 32. Qxf1 {[%cal Rf1f8]} Qxg3+ 33. Qg2 {Accuracy: White = 74%, Black = 60%.} 1-0

[Event "Stay Safe Play From Home 197"]
[Site "T#646544Emanuel Laske"]
[Date "2020.06.03"]
[Round "9"]
[White "buzaglo"]
[Black "Germanicus G"]
[Result "1-0"]
[WhiteElo "1980"]
[BlackElo "1249"]
[Annotator "TA"]
[PlyCount "57"]
[EventDate "2020.06.03"]
[EventType "swiss (blitz)"]

{[%evp 9,57,8,13,-25,-28,-27,-3,-13,7,0,13,3,35,13,44,44,69,-97,-94,-90,-97,-111,-110,-111,-108,-141,-142,-214,-209,-206,-214,-314,-319,-318,-304,-353,-297,-345,-295,-304,-309,-272,0,0,206,-91,-64,-181,8,30]} 1. d4 b6 2. Nf3 Bb7 3. g3 e6 4. Bg2 Nf6 5. O-O Be7 6. Ne5 {A47: 1 d4 Nf6 2 Nf3 b6: Torre, London and Colle Systems.} Bxg2 7. Kxg2 {[#]} d6 $146 ({Predecessor:} 7... O-O 8. c3 c5 9. e3 d5 10. Nd2 Nfd7 11. Ndf3 Bf6 12. Nd3 Nc6 13. Qa4 Qc7 {½-½ (29) Schwertel,J (1988)-Van Geffen,B (2135) Bad Sooden 2012}) 8. Nf3 O-O 9. c4 Nbd7 10. Nc3 c5 11. e4 cxd4 12. Nxd4 Nc5 13. Nf3 $2 {[#]} (13. Nc6 $14 {stays ahead.} Qd7 14. Nxe7+ Qxe7 15. f3) 13... Ncxe4 14. Nxe4 Nxe4 15. Re1 Nf6 16. b3 d5 17. Bb2 dxc4 18. Qe2 (18. bxc4 $17 {was worth a try.} Qc7 19. Ne5) 18... cxb3 $19 19. axb3 Qd5 20. Kg1 (20. Rec1 {is a better defense.}) 20... Qxb3 21. Nd4 Qd5 22. Rad1 Qb7 23. Nb5 a6 24. Nd6 Bxd6 25. Rxd6 Nd5 $2 ({Black should play} 25... Rfd8 $19 26. Rdd1 Ne8 27. Rxd8 Rxd8) 26. Qg4 $11 {[%csl Gb2][%cal Rg4g7]} f6 $2 (26... f5 $11 27. Qd4 Rae8) 27. Rdxe6 $2 (27. Qxe6+ $18 Qf7 28. Rxd5) 27... Qf7 28. Rd6 {[#]} (28. Qf5 $15 Rfd8 29. Ba3) 28... Ra7 $2 (28... Rad8 $1 $19 {[%cal Rd8d6]} 29. Ree6 Rd7) 29. Rd1 {Accuracy: White = 47%, Black = 55%.} 1-0

[Event "Stay Safe Play From Home 197"]
[Site "T#646544Emanuel Laske"]
[Date "2020.06.03"]
[Round "9"]
[White "Matanant"]
[Black "SoulofWolf"]
[Result "0-1"]
[WhiteElo "1633"]
[BlackElo "2191"]
[Annotator "TA"]
[PlyCount "78"]
[EventDate "2020.06.03"]
[EventType "swiss (blitz)"]

{[%evp 10,78,16,15,22,27,25,0,8,-3,0,2,10,8,10,-16,2,-2,25,17,39,21,27,-21,-7,-91,0,-6,18,26,31,-46,56,46,48,60,237,0,2,0,82,-212,-80,-60,-38,-179,-70,-519,-58,-76,47,54,0,54,62,0,0,0,654,-983,-962,-886,-275,-29991,-29991,-29993,-29987,-29992,-29993,-29994,-29995]} 1. b3 Nc6 2. Bb2 d5 3. e3 Nf6 4. f4 g6 5. Nf3 Bg7 6. Bb5 Bd7 {A03: Bird's Opening with 1...d5.} 7. O-O O-O 8. Bxc6 Bxc6 {The position is equal.} 9. Ne5 Be8 10. d3 c5 11. Nd2 {[#]} Rc8 $146 ({Predecessor:} 11... Nd7 12. Nxd7 Bxd7 13. Bxg7 Kxg7 14. Qc1 Qc7 15. Qb2+ f6 16. e4 d4 17. Rf2 e5 {½-½ (67) Hoegy,K (2279)-Weist,T (2083) Germany 2018}) 12. Ndf3 Qd6 13. c4 h6 14. Qe2 a6 15. Rad1 b5 16. cxd5 Nxd5 17. g3 (17. f5 $11 {keeps the balance.}) 17... Nb4 (17... f6 $17 18. e4 fxe5 19. Bxe5 Bxe5 20. fxe5 Qe6 21. exd5 Qxd5) 18. a3 Nd5 19. e4 $36 {[%mdl 2048] White is more active.} Nf6 20. h3 ({White should play} 20. Rf2 $14) 20... h5 (20... Nh5 $15 21. Qf2 f6) 21. g4 hxg4 22. hxg4 Bc6 $2 (22... Nh7 $14) 23. g5 $2 (23. Ng5 $18) 23... Nh5 $11 24. Qh2 Bb7 (24... Rfd8 $11 {remains equal.}) 25. d4 $2 {[%mdl 8192]} (25. f5 $16 {keeps the pressure on.}) 25... cxd4 (25... Bxe4 $19 {...f6 is the strong threat.} 26. dxc5 Qxc5+ 27. Nd4 Rfd8) 26. Rxd4 $17 Qb8 27. Rfd1 (27. Re1 $15) 27... Rc7 (27... Rfd8 $19 28. Rxd8+ Rxd8) 28. Nd7 $2 {[%mdl 8192]} (28. R1d2 $15) 28... Rxd7 $2 (28... Bxd4+ $19 29. Rxd4 Qc8) 29. Rxd7 $15 {[#] Black must now prevent Bxg7.} Bxe4 ({Black should try} 29... Bxb2 $17 30. Qxb2 Qxf4) 30. Bxg7 $14 Kxg7 31. Ne5 {And now Qd2 would win.} Bf5 32. Qb2 (32. Rxe7 $14 Qb6+ 33. Qf2 Qxf2+ 34. Kxf2 Nxf4 35. Rd6) 32... Qb6+ $11 33. Kh2 {Strongly threatening Nc4+.} f6 $2 {[%mdl 8192]} (33... Rh8 $11 34. Nf3+ Nf6+ 35. Kg2 Bxd7 36. gxf6+ exf6 37. Rxd7 Qe6) 34. Nxg6 $4 {[%mdl 8192]} (34. Rxe7+ $18 Kg8 35. Nd7 Bxd7 36. Rdxd7) 34... Kxg6 $19 35. Rxe7 Qb8 $2 (35... Rh8 36. Qd4 Qc6) 36. Qxf6+ $2 {[#]} (36. Qd4 $19 Nxf4 37. Qd6 Rh8+ 38. Kg3 Qxd6 39. Rxd6 Kxg5 40. Rg7+ Bg6 41. Kf2) 36... Nxf6 {Black mates.} 37. gxf6 Rxf6 38. Kg1 Qxf4 39. Rde1 Qg3+ {Never resign too early! Accuracy: White = 36%, Black = 44%.} 0-1